| 000 | 00774nam a2200241 a 4500 | ||
|---|---|---|---|
| 005 | 20250221063813.0 | ||
| 008 | 100202s2006 mx r 000 0 spa d | ||
| 020 | _a9788498400120 (13 dígitos) | ||
| 020 | _a8498400120 (10 dígitos) | ||
| 035 | _aUPN01000174404 | ||
| 049 | _aCG | ||
| 050 | 4 |
_aBF723 C7 _bA7.2 |
|
| 100 | 1 | _aArtola González, Teresa | |
| 245 | 1 | 0 |
_aCómo desarrollar la creatividad en los niños / _cTeresa Artola González, Ma. Antonia Hueso Zambrano. |
| 260 |
_aMadrid : _bPalabra, _c2006. |
||
| 300 | _a161 p. | ||
| 440 | 0 | _aGuías para educar | |
| 650 | 4 |
_aAptitud creadora en niños _9462 |
|
| 650 | 4 |
_aCrianza de niños _96222 |
|
| 650 | 4 |
_aNiños _xCrecimiento _915181 |
|
| 700 | 1 |
_aHueso Zambrano, María Antonia, _ecoaut. |
|
| 905 | _aLibro | ||
| 999 |
_c146508 _d146508 |
||